[Event "Elit(Malmo-Limhamn)"]
[Site "?"]
[Date "2017.02.04"]
[Round "5"]
[White "Agrest, Inna"]
[Black "Penalver, Osmani"]
[Result "1-0"]
[WhiteElo "2273"]
[BlackElo "2245"]
[PlyCount "63"]

1. e4 c5 2. Nf3 d6 3. d4 cxd4 4. Nxd4 Nf6 5. Nc3 a6 6. Bg5 e6 7. f4 h6 8. Bh4
Qb6 9. a3 Nc6 10. Bf2 Qc7 11. Nb3 g5 12. g3 gxf4 13. gxf4 Rg8 14. Qe2 b5 15.
O-O-O Bb7 16. Bh3 Na5 17. Nxa5 Qxa5 18. Bd4 Be7 19. Qe3 Nd7 20. Nd5 Qd8 21.
Rhg1 Rxg1 22. Rxg1 exd5 23. exd5 f6 24. Rg8+ Nf8 25. Bb6 Qb8 26. Rg7 Ng6 27.
Rxg6 Bxd5 28. Be6 Qxb6 29. Qxb6 Bxe6 30. Qc6+ Kf7 31. Qxa8 Kxg6 32. Qe8+ 1-0

[Event "Elit(Malmo-Limhamn)"]
[Site "?"]
[Date "2017.02.04"]
[Round "5"]
[White "Schneider, Stefan"]
[Black "Johansson, Thomas"]
[Result "1-0"]
[WhiteElo "2345"]
[BlackElo "2162"]
[PlyCount "109"]

1. d4 d6 2. Nf3 Nf6 3. Bg5 Nbd7 4. e3 e5 5. Be2 Be7 6. Nc3 c6 7. O-O O-O 8. a4
a5 9. Bd3 Re8 10. Re1 Qc7 11. Bh4 Nd5 12. Nxd5 cxd5 13. Bb5 e4 14. Bxe7 Rxe7
15. Nd2 Nf6 16. Be2 Be6 17. Nb1 Rc8 18. Na3 Bd7 19. c3 Qd8 20. Rc1 Qe8 21. b3
g6 22. h3 Kg7 23. c4 Bc6 24. c5 Qd8 25. Qd2 dxc5 26. dxc5 Nd7 27. Nb5 Kg8 28.
Nd4 Rb8 29. Red1 Ne5 30. Nb5 Rd7 31. Qc3 Re7 32. Nd6 Qc7 33. Nb5 Qd8 34. Kh1 h5
35. Nd6 Qc7 36. Nb5 Qd8 37. Rd2 Ra8 38. Rcd1 Qd7 39. Bc4 Qf5 40. Nd6 Qg5 41.
Bxd5 Qh4 42. Bxc6 bxc6 43. Nc4 Nf3 44. Rd8+ Re8 45. Rxa8 Rxa8 46. Qb2 Rd8 47.
Rxd8+ Qxd8 48. Nd6 Qd7 49. Qf6 Nd2 50. Qc3 Nf3 51. Qf6 Nd2 52. Qc3 Nf3 53. Qxa5
h4 54. Qa8+ Kg7 55. Qe8 1-0

[Event "Elit(Malmo-Limhamn)"]
[Site "?"]
[Date "2017.02.04"]
[Round "5"]
[White "Nizov, Anton"]
[Black "Mansson, Lars"]
[Result "1/2-1/2"]
[WhiteElo "2123"]
[BlackElo "2205"]
[PlyCount "60"]

1. d4 d5 2. c4 c6 3. Nf3 Nf6 4. Nc3 dxc4 5. a4 Bf5 6. e3 e6 7. Bxc4 Bb4 8. O-O
O-O 9. Qe2 Bg6 10. Ne5 Nbd7 11. Nxg6 hxg6 12. Rd1 Qa5 13. Bd2 Rad8 14. Be1 e5
15. dxe5 Nxe5 16. Bb3 Rd7 17. Rxd7 Nexd7 18. Rd1 Qe5 19. Qf3 Nc5 20. Bc2 a5 21.
Qe2 Re8 22. Qc4 Ne6 23. h3 Bd6 24. g3 Bc5 25. Kg2 Ba7 26. Qb3 Nc5 27. Qc4 Ne6
28. Qb3 Nc5 29. Qc4 Ne6 30. Qb3 Nc5 1/2-1/2

[Event "Elit(Eksjo-Team Viking)"]
[Site "?"]
[Date "2017.03.05"]
[Round "5"]
[White "Goganov, Aleksey"]
[Black "Bejtovic, Jasmin"]
[Result "1-0"]
[WhiteElo "2639"]
[BlackElo "2362"]
[PlyCount "77"]

1. d4 Nf6 2. c4 g6 3. Nc3 Bg7 4. e4 d6 5. h3 O-O 6. Nf3 e5 7. d5 Na6 8. Be3 Nh5
9. g3 Qe8 10. Be2 f5 11. exf5 gxf5 12. Ng5 Nf6 13. Qd2 Bd7 14. O-O-O h6 15. Nf3
Kh7 16. Nh4 Nc5 17. g4 Nfe4 18. Nxe4 Nxe4 19. Qc2 Bf6 20. Nxf5 Bxf5 21. gxf5
Nc5 22. Rhg1 Rg8 23. Rg6 Rxg6 24. Bh5 Qe7 25. Bxg6+ Kh8 26. Qe2 e4 27. Qh5 Bg5
28. Rg1 Nd3+ 29. Kd1 Nf4 30. Bd4+ Kg8 31. f6 Qd7 32. Be8 Nxh5 33. Bxd7 Kf8 34.
Be6 Rd8 35. h4 Bxf6 36. Rg8+ Ke7 37. Bxf6+ Nxf6 38. Rg7+ Ke8 39. Rxc7 1-0

[Event "Elit(Eksjo-Team Viking)"]
[Site "?"]
[Date "2017.03.05"]
[Round "5"]
[White "Grandelius, Nils"]
[Black "Ivanov, Sergey"]
[Result "1-0"]
[WhiteElo "2642"]
[BlackElo "2545"]
[PlyCount "43"]

1. e4 e6 2. d4 d5 3. Nd2 Nf6 4. e5 Nfd7 5. Bd3 c5 6. c3 Nc6 7. Ne2 cxd4 8. cxd4
f6 9. exf6 Qxf6 10. Nf3 h6 11. O-O Bd6 12. Be3 O-O 13. Rc1 Rd8 14. a3 Nf8 15.
Qd2 Bd7 16. Bf4 Be8 17. Bxd6 Rxd6 18. Ng3 Bg6 19. Bb5 Be4 20. Ne5 Nxe5 21. dxe5
Qxe5 22. f4 1-0

[Event "Elit(Eksjo-Team Viking)"]
[Site "?"]
[Date "2017.03.05"]
[Round "5"]
[White "Agrest, Evgenij"]
[Black "Gdanski, Jacek"]
[Result "1/2-1/2"]
[WhiteElo "2593"]
[BlackElo "2484"]
[PlyCount "48"]

1. d4 Nf6 2. Bf4 c5 3. e3 Qb6 4. Nc3 d6 5. Bb5+ Bd7 6. a4 a6 7. a5 Qc7 8. Bd3
cxd4 9. exd4 Nc6 10. Nf3 Bg4 11. d5 Ne5 12. Be2 Bxf3 13. Bxf3 Nxf3+ 14. Qxf3 g6
15. Be3 Bg7 16. Bb6 Qc8 17. Bd4 O-O 18. O-O Nd7 19. Bxg7 Kxg7 20. Rfe1 Re8 21.
Re4 Qc5 22. Qe3 Nf6 23. Rd4 Rac8 24. Qd3 h5 1/2-1/2

[Event "Elit(Eksjo-Team Viking)"]
[Site "?"]
[Date "2017.03.05"]
[Round "5"]
[White "Vernersson, Per"]
[Black "Westerberg, Jonathan"]
[Result "0-1"]
[WhiteElo "2293"]
[BlackElo "2480"]
[PlyCount "136"]

1. d4 Nf6 2. c4 e6 3. Nc3 Bb4 4. e3 O-O 5. Bd3 d5 6. Nge2 b6 7. a3 Bxc3+ 8.
Nxc3 Ba6 9. Qe2 Nc6 10. O-O Na5 11. cxd5 Bxd3 12. Qxd3 Nb3 13. Rb1 exd5 14. Ne2
Na5 15. Nc3 Re8 16. f3 Qe7 17. b4 Nb7 18. b5 Nd6 19. a4 Qe6 20. Rb2 a6 21. Re2
axb5 22. axb5 h5 23. Rfe1 Rad8 24. e4 dxe4 25. fxe4 Qc4 26. Qxc4 Nxc4 27. Rd1
Rd7 28. Bg5 Nh7 29. Bh4 Nf8 30. Bg3 Ng6 31. h3 h4 32. Bh2 Nd6 33. Ra1 Nc4 34.
Rd1 Na5 35. Kf2 Ne7 36. Kf3 Nb3 37. Bg1 Red8 38. d5 Na5 39. Bh2 Nb7 40. Red2
Ra8 41. Ra2 Rxa2 42. Nxa2 f5 43. exf5 Nxf5 44. Bf4 Nbd6 45. Nc3 Rd8 46. Ra1
Nd4+ 47. Kg4 N6xb5 48. Nxb5 Nxb5 49. Rc1 Rxd5 50. Bxc7 Nxc7 51. Rxc7 g5 52. Rb7
Rb5 53. Kh5 Kf8 54. Kg4 Ke8 55. Kh5 Kd8 56. Kg4 Kc8 57. Rg7 Rc5 58. g3 hxg3 59.
Kxg3 b5 60. Kg4 b4 61. Re7 b3 62. Re2 Rb5 63. Rb2 Kc7 64. Kf3 Kb6 65. Ke2 Ka5
66. Kd1 Ka4 67. Kc1 Rf5 68. Rd2 Ka3 0-1

[Event "Elit(Eksjo-Team Viking)"]
[Site "?"]
[Date "2017.03.05"]
[Round "5"]
[White "Nithander, Victor"]
[Black "Malesevic, Nedeljko"]
[Result "0-1"]
[WhiteElo "2423"]
[BlackElo "2259"]
[PlyCount "110"]

1. c4 c5 2. g3 Nf6 3. Bg2 Nc6 4. Nc3 g6 5. e4 e5 6. d3 Bg7 7. Nge2 d6 8. O-O
Nd4 9. Nxd4 cxd4 10. Ne2 Qb6 11. h3 Nd7 12. f4 Nc5 13. f5 f6 14. h4 Bd7 15. Kh2
gxf5 16. exf5 h5 17. Qc2 a5 18. Bd2 Bh6 19. Rab1 Bxd2 20. Qxd2 Qb4 21. Qc2 a4
22. Nc1 Ra7 23. a3 Qa5 24. Na2 Bc6 25. Nb4 Qc7 26. Bd5 Bxd5 27. Nxd5 Qf7 28.
Qd2 Kf8 29. Rf3 b5 30. Rg1 bxc4 31. dxc4 Rb7 32. Rg2 Nb3 33. Qe1 Rg8 34. Rff2
Rg4 35. Re2 d3 36. Re3 d2 37. Qd1 Rxc4 38. Rxb3 Rxb3 39. Rxd2 Kg7 40. Nc3 Rd4
41. Rxd4 exd4 42. Qxd4 Rxb2+ 43. Kh3 Rb3 44. Ne4 Rxa3 45. Qxd6 Re3 46. Nc5 a3
47. Ne6+ Kh7 48. Qd5 Qe7 49. Nf4 Re5 50. Qb3 Ra5 51. Qf3 Qf7 52. Ng6 Kh6 53.
Qd3 Kg7 54. Qd8 Rxf5 55. Ne7 Re5 0-1

[Event "Elit(Eksjo-Team Viking)"]
[Site "?"]
[Date "2017.03.05"]
[Round "5"]
[White "Ornstein, Axel"]
[Black "Cramling, Dan"]
[Result "1/2-1/2"]
[WhiteElo "2344"]
[BlackElo "2364"]
[PlyCount "105"]

1. d4 Nf6 2. Nf3 c5 3. e3 g6 4. g3 Bg7 5. Bg2 O-O 6. O-O d5 7. Nbd2 Qc7 8. b3
cxd4 9. Nxd4 e5 10. Nb5 Qb6 11. c4 Rd8 12. Nc3 Bg4 13. Qc2 Nc6 14. Nxd5 Nxd5
15. cxd5 Nb4 16. Qc4 e4 17. Ba3 Nxd5 18. Bc5 Qa5 19. b4 Qc7 20. Rac1 Be6 21.
Bd4 Qxc4 22. Rxc4 Bxd4 23. Rxd4 f5 24. Rc1 Rac8 25. Rxc8 Rxc8 26. Bf1 Nb6 27.
Nb3 Rc7 28. g4 Kf7 29. gxf5 gxf5 30. Rd2 Bxb3 31. axb3 Rc3 32. Rd6 Rc6 33. Rd4
Ke6 34. Bh3 Ke5 35. b5 Rc1+ 36. Kg2 f4 37. f3 Rc2+ 38. Kg1 Rc1+ 39. Kg2 Rc2+
40. Kg1 exf3 41. Rxf4 Rb2 42. Rxf3 Rxb3 43. Rf7 h5 44. Rxb7 Rxb5 45. Rxa7 Rb1+
46. Kf2 Rb2+ 47. Kf3 Rxh2 48. Ra5+ Kf6 49. Rxh5 Nc4 50. e4 Kg6 51. Rh8 Kg7 52.
Rh4 Ne5+ 53. Kg3 1/2-1/2

[Event "Elit(Eksjo-Team Viking)"]
[Site "?"]
[Date "2017.03.05"]
[Round "5"]
[White "Sagit, Rauan"]
[Black "Akvist, Hakan"]
[Result "1-0"]
[WhiteElo "2417"]
[BlackElo "2079"]
[PlyCount "107"]

1. Nf3 Nf6 2. g3 d5 3. Bg2 c6 4. O-O Bg4 5. d3 Nbd7 6. Qe1 e5 7. e4 dxe4 8.
dxe4 Be7 9. b3 O-O 10. Bb2 Qc7 11. Nbd2 Rfe8 12. Nc4 Bf8 13. Ne3 Bxf3 14. Bxf3
a5 15. a4 b6 16. Qe2 Nc5 17. Ng4 Nxg4 18. Bxg4 Rad8 19. Rad1 Nb7 20. Kg2 Rxd1
21. Rxd1 Rd8 22. Rxd8 Nxd8 23. Qa6 Bc5 24. Qd3 f6 25. Bc3 Kf8 26. Be1 Qd6 27.
Qe2 Ke7 28. c3 Qc7 29. h4 Kf8 30. Qa6 Qb7 31. Qd3 Qc7 32. Bf5 g6 33. Bg4 Qd6
34. Qa6 h5 35. Be2 Qc7 36. Qc4 Qd7 37. b4 Be7 38. Qa6 Qb7 39. Qd3 Ne6 40. Qe3
Bd8 41. Bc4 Qf7 42. Kh2 Ke7 43. Bd2 Qe8 44. Bc1 axb4 45. cxb4 Nd4 46. Qh6 Kd7
47. Kg2 b5 48. axb5 cxb5 49. Bd5 Be7 50. Qh7 Qc8 51. Be3 Nc2 52. Bc5 Qf8 53.
Kf1 Kd8 54. Be6 1-0

[Event "Elit(Rockaden,Sthlm-Rockaden,Umea)"]
[Site "?"]
[Date "2017.03.05"]
[Round "5"]
[White "Petrov, Marijan"]
[Black "Hammer, Jon Ludvig"]
[Result "1/2-1/2"]
[WhiteElo "2484"]
[BlackElo "2628"]
[PlyCount "25"]
[EventDate "2017.??.??"]

1. e4 c6 2. d4 d5 3. e5 Bf5 4. c4 e6 5. Nc3 Ne7 6. h3 dxc4 7. Bxc4 Nd5 8. Nge2
Nb4 9. O-O Nc2 10. Rb1 Nb4 11. Ra1 Nc2 12. Rb1 Nb4 13. Ra1 1/2-1/2

[Event "Elit(Rockaden,Sthlm-Rockaden,Umea)"]
[Site "?"]
[Date "2017.03.05"]
[Round "5"]
[White "Nielsen, Peter Heine"]
[Black "Lindgren, Fredrik"]
[Result "1-0"]
[WhiteElo "2645"]
[BlackElo "2232"]
[PlyCount "119"]
[EventDate "2017.??.??"]

1. Nf3 d6 2. d4 g6 3. c4 Bg7 4. Nc3 Nc6 5. g3 Nf6 6. Bg2 O-O 7. O-O Nd7 8. e4
e5 9. Bg5 Bf6 10. Bxf6 Qxf6 11. Nd5 Qd8 12. Rc1 Re8 13. Ne3 exd4 14. Nxd4 Nc5
15. Nb5 a6 16. Nc3 Bd7 17. Qd2 Kg7 18. f3 f6 19. Rfd1 Rc8 20. Ncd5 a5 21. Qc3
Rf8 22. b3 Qe8 23. Qd2 Qf7 24. Rb1 b6 25. a3 h5 26. b4 axb4 27. axb4 Ne6 28.
Qc3 Kh7 29. f4 Ng7 30. Ra1 Be6 31. Rf1 Ne7 32. b5 Nxd5 33. cxd5 Bd7 34. Rfb1
Qe8 35. Ra7 Bxb5 36. Rxc7 Rxc7 37. Qxc7 Bd3 38. Re1 Qd8 39. Qc3 Ba6 40. Ra1 Bb7
41. Qb4 Qc7 42. Nc4 Ra8 43. Rb1 b5 44. Nd2 Ra2 45. Rd1 Bc8 46. f5 gxf5 47. Qd4
Qc2 48. Bf3 Qc5 49. Nb3 Qc2 50. Nd2 Bd7 51. exf5 Bxf5 52. Be2 Qc5 53. Qxc5 dxc5
54. Bxb5 Bg4 55. Bc4 Rc2 56. Bd3+ Bf5 57. Bxc2 Bxc2 58. Rc1 Ba4 59. Ne4 Kg6 60.
Nxc5 1-0

[Event "Elit(Rockaden,Sthlm-Rockaden,Umea)"]
[Site "?"]
[Date "2017.03.05"]
[Round "5"]
[White "Wickstrom, Lucas"]
[Black "Bator, Robert"]
[Result "1/2-1/2"]
[WhiteElo "2365"]
[BlackElo "2401"]
[PlyCount "46"]
[EventDate "2017.??.??"]

1. d4 d5 2. c4 c6 3. cxd5 cxd5 4. Bf4 Nf6 5. Nc3 a6 6. e3 Nc6 7. Bd3 Bg4 8.
Nge2 e6 9. O-O Bd6 10. f3 Bh5 11. Rc1 Bg6 12. a3 Bxd3 13. Qxd3 O-O 14. Na4 Bxf4
15. Nxf4 Qe7 16. b4 Rad8 17. Qb3 Rfe8 18. Nd3 e5 19. Rxc6 bxc6 20. Nxe5 Rd6 21.
Nc5 Ra8 22. a4 Ne8 23. Re1 Nc7 1/2-1/2

[Event "Elit(Rockaden,Sthlm-Rockaden,Umea)"]
[Site "?"]
[Date "2017.03.05"]
[Round "5"]
[White "Blomqvist, Erik"]
[Black "Eriksson, Jorgen"]
[Result "1-0"]
[WhiteElo "2574"]
[BlackElo "2220"]
[PlyCount "67"]
[EventDate "2017.??.??"]

1. Nf3 Nf6 2. g3 g6 3. Bg2 Bg7 4. O-O O-O 5. d4 d6 6. b3 c5 7. c4 Nc6 8. Bb2
cxd4 9. Nxd4 Bd7 10. Nc2 a6 11. Nc3 Ne8 12. Qd2 b5 13. Ne3 bxc4 14. Nxc4 Rb8
15. Rfd1 Ne5 16. Nxe5 Bxe5 17. Rac1 Nc7 18. Ne4 Bxb2 19. Qxb2 Rb6 20. h4 Bf5
21. Nd2 Be6 22. Bf3 Qd7 23. Qc3 Rc8 24. h5 Ne8 25. Qe3 Rxc1 26. Rxc1 Rb8 27.
hxg6 hxg6 28. Qh6 Qb5 29. Kg2 Qe5 30. Rh1 Qg7 31. Qg5 Qf6 32. Qa5 Qd4 33. Rh4
Qb6 34. Qg5 1-0

[Event "Elit(Rockaden,Sthlm-Rockaden,Umea)"]
[Site "?"]
[Date "2017.03.05"]
[Round "5"]
[White "Malmstig, Erik"]
[Black "Hedman, Erik"]
[Result "0-1"]
[WhiteElo "2310"]
[BlackElo "2363"]
[PlyCount "68"]
[EventDate "2017.??.??"]

1. d4 Nf6 2. c4 c5 3. d5 e6 4. Nc3 exd5 5. cxd5 d6 6. e4 g6 7. Nf3 Bg7 8. Bd3
O-O 9. h3 a6 10. O-O b5 11. Bf4 b4 12. Ne2 Re8 13. Ng3 a5 14. Re1 Ba6 15. Rc1
Bxd3 16. Qxd3 Bf8 17. Nd2 Nbd7 18. Nc4 Nb6 19. Bg5 Nxc4 20. Qxc4 h6 21. Bf4 Nd7
22. Rcd1 Qh4 23. Qc1 c4 24. Rd4 Rac8 25. Ne2 Nc5 26. Bg3 Qe7 27. Qxc4 Nxe4 28.
Qb3 Nxg3 29. fxg3 Qa7 30. Qd3 Bg7 31. Rd1 Rxe2 32. Qxe2 Bxd4+ 33. Kh2 Be5 34.
Rd3 Rc1 0-1

[Event "Elit(Rockaden,Sthlm-Rockaden,Umea)"]
[Site "?"]
[Date "2017.03.05"]
[Round "5"]
[White "Tuomainen, Felix"]
[Black "Johansson, David"]
[Result "0-1"]
[WhiteElo "2260"]
[BlackElo "2099"]
[PlyCount "106"]
[EventDate "2017.??.??"]

1. d4 e6 2. c4 Nf6 3. Nc3 c5 4. d5 exd5 5. cxd5 d6 6. Nf3 g6 7. Nd2 Nbd7 8. e4
Bg7 9. Be2 O-O 10. O-O a6 11. a4 Re8 12. Re1 Rb8 13. a5 Qc7 14. Qc2 Ne5 15. h3
Nh5 16. Bxh5 gxh5 17. f4 Ng6 18. Nf3 Bd7 19. f5 Ne5 20. Nxe5 Rxe5 21. Bf4 Re7
22. Qd1 b5 23. Qxh5 b4 24. Nd1 Rbe8 25. Nf2 Bxb2 26. Ng4 Kh8 27. Nh6 Bc8 28.
Rab1 Bd4+ 29. Kh1 f6 30. Ng4 Rf8 31. Ne3 Rxe4 32. Nc4 Rxe1+ 33. Rxe1 Be5 34.
Qh6 Qd8 35. Bxe5 dxe5 36. d6 Rg8 37. Qe3 Bb7 38. Nxe5 Bxg2+ 39. Kg1 Bd5+ 40.
Ng4 Qxd6 41. Rd1 Qc6 42. Kf2 b3 43. Qd3 c4 44. Qd4 Rg5 45. Ne3 Bf7 46. h4 Rg8
47. Qf4 b2 48. Ng4 Qc5+ 49. Kf1 c3 50. Qh6 Bc4+ 51. Kg2 Rxg4+ 52. Kh3 Rg7 53.
Rd8+ Bg8 0-1

[Event "Elit(Rockaden,Sthlm-Rockaden,Umea)"]
[Site "?"]
[Date "2017.03.05"]
[Round "5"]
[White "Mardell, Jimmy"]
[Black "Kenneskog, Theodor"]
[Result "1-0"]
[WhiteElo "2147"]
[BlackElo "2323"]
[PlyCount "113"]
[EventDate "2017.??.??"]

1. e4 c5 2. Nf3 d6 3. d4 cxd4 4. Nxd4 Nf6 5. Nc3 a6 6. Bg5 Nbd7 7. Qe2 e6 8.
O-O-O Be7 9. f4 Qc7 10. g4 b5 11. Bg2 Bb7 12. Rhe1 b4 13. Nd5 exd5 14. Nf5 dxe4
15. Nxe7 Kxe7 16. Bxe4 Kd8 17. Bxb7 Qxb7 18. Qe7+ Kc8 19. Qxf7 Ne4 20. Qxg7 Kc7
21. Be7 Rhe8 22. Qxh7 d5 23. Qf7 Rac8 24. g5 Qc6 25. Bxb4 Kb8 26. c3 Nb6 27.
Qg7 Nf2 28. Rxe8 Rxe8 29. Rd2 Qe6 30. Qe5+ Qxe5 31. fxe5 Ne4 32. Rg2 Rxe5 33.
g6 Re8 34. h4 Nf6 35. Bd6+ Kc8 36. g7 Ng8 37. h5 Kd7 38. Bf4 Re1+ 39. Kc2 Rh1
40. h6 Nc8 41. Rg6 a5 42. Kb3 Rh4 43. Ra6 Rh5 44. Rxa5 Nce7 45. Ra8 Ke6 46. a4
Kf7 47. a5 Nxh6 48. Rh8 Kxg7 49. Rxh6 Rxh6 50. Bxh6+ Kxh6 51. a6 Nc8 52. Kb4
Kg7 53. Kc5 Kf6 54. Kxd5 Ke7 55. Kc6 Kd8 56. Kb7 Nd6+ 57. Kb8 1-0

[Event "Elit(Rockaden,Sthlm-Rockaden,Umea)"]
[Site "?"]
[Date "2017.03.05"]
[Round "5"]
[White "Engqvist, Thomas"]
[Black "Mardell, Jonas"]
[Result "1-0"]
[WhiteElo "2344"]
[BlackElo "2050"]
[PlyCount "125"]
[EventDate "2017.??.??"]

1. d4 d5 2. c4 e6 3. Nc3 Nf6 4. Bg5 Be7 5. e3 O-O 6. Nf3 h6 7. Bh4 b6 8. Rc1
Bb7 9. cxd5 exd5 10. Bd3 c5 11. O-O Ne4 12. Bxe7 Qxe7 13. Qe2 Nd7 14. Ba6 Nxc3
15. Rxc3 Bc6 16. b3 Rfe8 17. Rd1 Qf6 18. h3 Re6 19. Rdc1 Rae8 20. Qf1 Qe7 21.
Bd3 Rf6 22. Nh2 h5 23. Qd1 g6 24. Be2 Bb7 25. Bb5 c4 26. bxc4 a6 27. Bxd7 Qxd7
28. c5 bxc5 29. Rxc5 Qf5 30. Nf3 g5 31. Qc2 Re4 32. Nxg5 Re7 33. h4 Qxc2 34.
R5xc2 Rb6 35. Nh3 a5 36. Nf4 a4 37. Nxh5 Rh6 38. Ng3 Rb6 39. Nf5 Rd7 40. h5 Ba6
41. Rc6 Rxc6 42. Rxc6 Bc4 43. Rc8+ Kh7 44. Ra8 Bd3 45. Nh4 Bc2 46. Rb8 Ra7 47.
g4 Bb3 48. Rxb3 axb3 49. axb3 Kh6 50. Kg2 Rb7 51. Kg3 Kg5 52. Nf3+ Kf6 53. Kf4
Rxb3 54. Nh4 Rb2 55. f3 Rb8 56. g5+ Ke6 57. Nf5 Rh8 58. Ng7+ Ke7 59. h6 Rd8 60.
Nh5 Ke6 61. Nf6 Ra8 62. h7 Rh8 63. Kg4 1-0

[Event "Elit(Team Viking-Farsta)"]
[Site "?"]
[Date "2017.03.04"]
[Round "6"]
[White "Ernst, Thomas"]
[Black "Goganov, Aleksey"]
[Result "1/2-1/2"]
[WhiteElo "2369"]
[BlackElo "2639"]
[PlyCount "195"]

1. e4 e6 2. d4 d5 3. Nd2 c5 4. exd5 Qxd5 5. Ngf3 cxd4 6. Bc4 Qd6 7. O-O Nf6 8.
Nb3 Nc6 9. Nbxd4 Nxd4 10. Nxd4 a6 11. Re1 Qc7 12. Bb3 Bd6 13. Nf5 Bxh2+ 14. Kh1
O-O 15. Nxg7 Rd8 16. Qf3 Kxg7 17. Bh6+ Kg6 18. c3 Nh5 19. Bc1 Bf4 20. g4 Ng3+
21. fxg3 Bxc1 22. Raxc1 Bd7 23. Bc2+ Kg7 24. Be4 Bc6 25. Bxc6 Qxc6 26. Qxc6
bxc6 27. Red1 Rd5 28. Rxd5 cxd5 29. c4 Rc8 30. b3 dxc4 31. bxc4 Rc5 32. Kg2 Kf6
33. Kf3 Ke5 34. Ke3 Ra5 35. c5 Ra3+ 36. Kf2 Rxa2+ 37. Kf3 Ra3+ 38. Kf2 Rb3 39.
c6 Rb8 40. Ra1 Rc8 41. Rxa6 Kd6 42. Ra5 Kxc6 43. Rh5 Rh8 44. Kf3 Kd6 45. Kf4
Ke7 46. g5 Kf8 47. Rh6 Kg7 48. Rh1 Ra8 49. Rh2 Ra1 50. Kg4 Rf1 51. Rh3 Rf2 52.
Rh1 Rb2 53. Kf4 Rb4+ 54. Kf3 Kg6 55. Rh6+ Kxg5 56. Rxh7 f6 57. Rg7+ Kf5 58. g4+
Ke5 59. Rf7 Rb3+ 60. Kg2 Ra3 61. Rf8 Ra7 62. Kf3 Rb7 63. Kg3 Rg7 64. Kf3 Rg5
65. Ra8 Kd6 66. Ra6+ Ke7 67. Ra7+ Kf8 68. Ra8+ Kf7 69. Ra7+ Kg6 70. Re7 Re5 71.
Kf2 Kg5 72. Kf3 Re1 73. Rg7+ Kh6 74. Rg8 e5 75. Ra8 Rb1 76. Kg3 Rb3+ 77. Kh4
Kg6 78. Ra6 Rf3 79. Ra4 Rf1 80. Ra8 Rf3 81. Ra4 Rd3 82. Ra8 Kf7 83. g5 fxg5+
84. Kxg5 Ke6 85. Ra6+ Rd6 86. Ra5 Rd8 87. Kg4 Rd3 88. Ra8 Kd5 89. Kf5 Rf3+ 90.
Kg4 Rf4+ 91. Kg3 Rf1 92. Ra5+ Ke4 93. Ra4+ Kf5 94. Kg2 Rf4 95. Ra5 Ke4 96. Ra4+
Kf5 97. Ra5 Ke4 98. Ra4+ 1/2-1/2

[Event "Elit(Team Viking-Farsta)"]
[Site "?"]
[Date "2017.03.04"]
[Round "6"]
[White "Ivanov, Sergey"]
[Black "Sammalvuo, Tapani"]
[Result "1/2-1/2"]
[WhiteElo "2545"]
[BlackElo "2437"]
[PlyCount "63"]

1. d4 Nf6 2. c4 e6 3. Nf3 b6 4. g3 Ba6 5. Qc2 Bb4+ 6. Bd2 Be7 7. e4 d5 8. cxd5
Bxf1 9. Kxf1 exd5 10. e5 Ne4 11. Nc3 Nxc3 12. bxc3 O-O 13. Kg2 c5 14. h4 h6 15.
Ng5 hxg5 16. hxg5 g6 17. Rh6 Kg7 18. Rah1 Rg8 19. e6 Kf8 20. Rh7 fxe6 21. Rh8
Qe8 22. R1h7 Nc6 23. Bf4 e5 24. dxe5 Bd8 25. Rh6 Ne7 26. e6 Nf5 27. Qxf5+ gxf5
28. Bd6+ Be7 29. Be5 Bf6 30. Bd6+ Be7 31. Be5 Bf6 32. Bd6+ 1/2-1/2

[Event "Elit(Team Viking-Farsta)"]
[Site "?"]
[Date "2017.03.04"]
[Round "6"]
[White "Livner, Anders"]
[Black "Agrest, Evgenij"]
[Result "1/2-1/2"]
[WhiteElo "2322"]
[BlackElo "2593"]
[PlyCount "53"]

1. c4 c6 2. Nf3 d5 3. g3 Nf6 4. Bg2 Bg4 5. Ne5 Be6 6. d4 dxc4 7. Na3 g6 8.
Naxc4 Bg7 9. e4 O-O 10. O-O Qc8 11. Qe2 Na6 12. Rd1 Rd8 13. b3 Ng4 14. Bb2 Nxe5
15. Nxe5 Qc7 16. Nc4 Bxc4 17. bxc4 e5 18. d5 Nc5 19. Rac1 b6 20. Bh3 Nb7 21.
dxc6 Qxc6 22. Rd5 Qc7 23. Qe3 Nc5 24. Ba3 Bf8 25. Bb2 Bg7 26. Ba3 Bf8 27. Bb2
1/2-1/2

[Event "Elit(Team Viking-Farsta)"]
[Site "?"]
[Date "2017.03.04"]
[Round "6"]
[White "Westerberg, Jonathan"]
[Black "Jaderberg, Bjorn"]
[Result "1-0"]
[WhiteElo "2480"]
[BlackElo "2156"]
[PlyCount "51"]

1. Nf3 e6 2. g3 f5 3. Bg2 Nf6 4. O-O d5 5. c4 c6 6. d3 Be7 7. Nbd2 O-O 8. Qc2
a5 9. e4 Na6 10. a3 Nc5 11. cxd5 cxd5 12. exf5 exf5 13. Nb3 Qb6 14. Nxc5 Bxc5
15. Bg5 Be6 16. Bxf6 Rxf6 17. Ng5 Rd8 18. Rae1 Bf8 19. Re5 Kh8 20. Nxe6 Rxe6
21. Rxf5 d4 22. Qc4 Re7 23. Rb5 Qa6 24. Rc1 Rde8 25. Be4 a4 26. Rxb7 1-0

[Event "Elit(Team Viking-Farsta)"]
[Site "?"]
[Date "2017.03.04"]
[Round "6"]
[White "Ong, Kezli"]
[Black "Nithander, Victor"]
[Result "1/2-1/2"]
[WhiteElo "2298"]
[BlackElo "2423"]
[PlyCount "113"]

1. e4 d6 2. d4 Nf6 3. Nc3 g6 4. Nf3 Bg7 5. Be2 O-O 6. O-O a6 7. a4 b6 8. e5
Nfd7 9. e6 fxe6 10. Ng5 Nf6 11. Re1 d5 12. Bf1 c5 13. Nxe6 Bxe6 14. Rxe6 Qd7
15. Rxb6 cxd4 16. Qxd4 Ng4 17. Qxd5+ Qxd5 18. Nxd5 Bd4 19. Be3 Nxe3 20. fxe3
Bxb6 21. Nxb6 Ra7 22. Bc4+ Kg7 23. c3 Nc6 24. b4 Ne5 25. Bd5 e6 26. Bb3 a5 27.
Rd1 Rb8 28. Rd6 Ra6 29. bxa5 Rxa5 30. Rxe6 Rc5 31. Ba2 Rxc3 32. Rxe5 Rxb6 33.
Bd5 Ra3 34. Re7+ Kf6 35. Rxh7 Rxa4 36. h3 Rb2 37. Bf3 Ra3 38. e4 Re3 39. Rh8
Kg7 40. Rc8 Kf6 41. Kh2 Rb4 42. Rc6+ Kf7 43. Ra6 Kg7 44. Ra2 Rbb3 45. Ra7+ Kf6
46. Ra6+ Kg7 47. Ra5 Kf6 48. h4 Ra3 49. Rg5 Rac3 50. Rg3 Ra3 51. Kh3 Re1 52.
Rg4 Rh1+ 53. Kg3 Ra5 54. Rf4+ Kg7 55. Rg4 Kf6 56. Rf4+ Kg7 57. Rg4 1/2-1/2

[Event "Elit(Team Viking-Farsta)"]
[Site "?"]
[Date "2017.03.04"]
[Round "6"]
[White "Cramling, Dan"]
[Black "Lagerborg, Krister"]
[Result "1-0"]
[WhiteElo "2364"]
[BlackElo "2031"]
[PlyCount "111"]

1. d4 Nf6 2. c4 g6 3. Nc3 Bg7 4. e4 d6 5. Be2 O-O 6. Nf3 e5 7. d5 Ne8 8. h4 f5
9. h5 Bf6 10. Bh6 Ng7 11. Qd2 f4 12. hxg6 hxg6 13. O-O-O Rf7 14. g3 fxg3 15.
fxg3 Nd7 16. Ng5 Bxg5 17. Bxg5 Qe8 18. Rh6 Nf8 19. Rdh1 Nh5 20. Bxh5 gxh5 21.
Bf6 Rxf6 22. Rxf6 Nh7 23. Rh6 Bg4 24. Nd1 Qd7 25. Ne3 Bf3 26. Rh4 Rf8 27. g4
Bxe4 28. R4xh5 Rf4 29. b3 Qg7 30. Kb2 Nf6 31. Rh8+ Qxh8 32. Rxh8+ Kxh8 33. Qh2+
Kg7 34. Qh4 b6 35. Qg5+ Kf7 36. Qh6 Bg6 37. Qh3 Kg7 38. Ka3 a5 39. b4 axb4+ 40.
Kxb4 Ne4 41. Kb5 Be8+ 42. Ka6 Bd7 43. Kb7 Nf2 44. Qh4 Bxg4 45. Kxc7 Be2 46.
Qg5+ Kh7 47. Nf5 Rxc4+ 48. Kxb6 Rg4 49. Qh5+ Kg8 50. Nh6+ Kg7 51. Nxg4 Nxg4 52.
a4 Bf3 53. Qg5+ Kh8 54. a5 e4 55. a6 Ne5 56. a7 1-0

[Event "Elit(Team Viking-Farsta)"]
[Site "?"]
[Date "2017.03.04"]
[Round "6"]
[White "Hedin, Gunnar"]
[Black "Sagit, Rauan"]
[Result "1/2-1/2"]
[WhiteElo "2152"]
[BlackElo "2417"]
[PlyCount "125"]

1. f4 Nf6 2. Nf3 b6 3. g3 Bb7 4. Bg2 g6 5. O-O Bg7 6. d3 d5 7. c3 O-O 8. e4
dxe4 9. Ng5 Nbd7 10. Nd2 Nc5 11. d4 e3 12. Bxb7 Nxb7 13. Nc4 c5 14. dxc5 Qc7
15. Bxe3 Nxc5 16. Qe2 Rad8 17. Bd4 h6 18. Nf3 Ne6 19. a4 Rd5 20. Ne3 Rd7 21.
Be5 Qb7 22. Rfd1 Rfd8 23. Rxd7 Rxd7 24. f5 Nc5 25. fxg6 fxg6 26. Qc4+ Kh7 27.
Rf1 Qe4 28. Qxe4 Nfxe4 29. Bxg7 Kxg7 30. Ne5 Rd6 31. Rf7+ Kg8 32. Rxe7 Re6 33.
Rxe6 Nxe6 34. Nxg6 N6c5 35. a5 bxa5 36. Nc4 a4 37. Ne7+ Kh7 38. Nd5 Nd3 39. Nb4
a3 40. bxa3 Ndc5 41. Nd5 Na4 42. Kf1 Nexc3 43. Nxc3 Nxc3 44. Ke1 Kg6 45. Kd2
Nb5 46. Kd3 Kf5 47. a4 Nc7 48. Ne3+ Ke6 49. Kc4 h5 50. h4 Ke5 51. g4 hxg4 52.
Nxg4+ Kf5 53. Ne3+ Ke4 54. h5 Kxe3 55. h6 Ne8 56. h7 Nd6+ 57. Kc5 Nf7 58. a5
Kf4 59. a6 Ke5 60. Kc6 Ke6 61. Kc7 Ke7 62. Kc8 Ke8 63. Kc7 1/2-1/2